Normal view
MARC view
- تأليف خليفة، محمد سعد؛ م.مشارك أحمد محمد هيكل
Entry Personal Name
001 - CONTROL NUMBER
- control field: 53058
003 - CONTROL NUMBER IDENTIFIER
- control field: JO-AjAnu
005 - DATE AND TIME OF LATEST TRANSACTION
- control field: 20230606082722.0
008 - FIXED-LENGTH DATA ELEMENTS
- fixed length control field: 230606|| aca||aabn | a|a d
040 ## - CATALOGING SOURCE
- Original cataloging agency: JO-AjAnu
- Transcribing agency: JO-AjAnu
100 ## - HEADING--PERSONAL NAME
- Personal name: تأليف خليفة، محمد سعد؛ م.مشارك أحمد محمد هيكل
670 ## - SOURCE DATA FOUND
- Source citation: Work cat.: (JO-AjAnu)27109: تأليف خليفة، محمد سعد؛ م.مشارك أحمد محمد هيكل, author, العقود المسماة في القانون المدني البحريني